| 000 | 00849nas a2200277 4500 | ||
|---|---|---|---|
| 001 | BR2010000401 | ||
| 003 | BR-BrBNA | ||
| 005 | 20231205113834.0 | ||
| 007 | ta | ||
| 008 | 230509b bl.|||p| |||| 00| 00por d | ||
| 040 |
_aBR-BrBNA _bpor _cBiblioteca Nacional de Agricultura |
||
| 041 | _a(Pt) | ||
| 072 | _aL70; L74 | ||
| 100 | 1 | _aCamplesi, A.C. | |
| 100 | 1 | _aSakate, M. | |
| 100 | 1 | _aSimão, N.M.B. | |
| 100 | 1 | _aMoya, C.F. | |
| 245 | 1 | _aDosagem de marcadores cardíacos CK-MB e Tnc e eletrólitos no envenenamento experimental por veneno de sapo em cães | |
| 650 | _aCÃO | ||
| 650 | _aVENENO | ||
| 650 | _aSAPO | ||
| 650 | _aELETRÓLITO | ||
| 773 | 0 |
_tPesquisa Veterinária Brasileira (Brazil) _xISSN 0100-736X _g(Aug 2009), v. 29(8) p. 632-636 _wBR2010000401 |
|
| 909 |
_a202311 _bLúcia _c55 _dLúcia Elande |
||
| 942 |
_2AGRIS _n0 _cANA |
||
| 999 |
_c205893 _d205893 |
||